000 00503nam a2200205 i 4500
001 bgj
100 1 _aHANCOCK, Penny
245 1 0 _aPebbles /
_cPenny Hancock.
250 _a[3rd impr.].
260 _aHarlow, Essex :
_bLongman,
_c1999.
300 _a63 pp :
_bill. ;
_c27 cm.
650 9 _aEnglish language
655 _aTextbooks for children
020 _a0582259096
040 _cBPK
041 0 _aeng
920 _a0-582-25909-6
942 _cKS
008 s uk f |000 0 eng
999 _c48456
_d48456
856 _uhttp://koha.tu.koszalin.pl/cgi-bin/koha/opac-detail.pl?biblionumber=48456
_yKatalog online BPK